| 000 | 00811nam a2200241 i 4500 | ||
|---|---|---|---|
| 003 | DO-SdBNP | ||
| 005 | 20230918111907.0 | ||
| 007 | ta | ||
| 008 | 110413s1982 dr a 000 0 spa d | ||
| 040 |
_aDO-SdBNP _bspa _cBNPHU _erda |
||
| 082 |
_bN964e _222 |
||
| 100 | 1 |
_aNúñez de López, Viola _984156 |
|
| 245 | 1 | 0 |
_aEstudios sociales de mi patria : _b2do. grado, primaria _cViola Núñez de López |
| 264 | 1 |
_aSanto Domingo : _bColegial Quisqueyana, _c1982. |
|
| 300 |
_a77 páginas _bilustraciones _c25 cm. |
||
| 336 |
_2rdacontent _atexto _btxt |
||
| 337 |
_2rdamedia _asin mediación _bn |
||
| 338 |
_2rdacarrier _avolumen _bnc |
||
| 500 | _aDe acuerdo al programa del plan de reforma de educación primaria del año 1977. | ||
| 590 | _aInventariado, 2023/ YL | ||
| 910 | _aYLockward | ||
| 942 |
_2ddc _cLBS1 |
||
| 999 |
_c54797 _d54797 |
||